Робур-завоеватель; Властелин мира; Флаг родины: [романы]; пер. с фр.

التفاصيل البيبلوغرافية
المؤلف الرئيسي: Верн Ж. Жюль
مؤلفون آخرون: Горбунов Н. (иллюстратор)
اللغة:الروسية
منشور في: Пермь, Пермское книжное издательство, 1984
الموضوعات:
التنسيق: MixedMaterials كتاب
KOHA link:https://koha.lib.tpu.ru/cgi-bin/koha/opac-detail.pl?biblionumber=158868

MARC

LEADER 00000nam0a2200000 4500
001 158868
005 20231101222052.0
020 |a RU  |b 84-57709 
035 |a (RuTPU)RU\TPU\book\172300 
090 |a 158868 
100 |a 20090429d1984 m y0rusy5003 ca 
101 1 |a rus  |c fre 
102 |a RU 
105 |a a z 000ay 
200 1 |a Робур-завоеватель; Властелин мира; Флаг родины  |e [романы]  |e пер. с фр.  |f Ж. Верн  |g худож. Н. Горбунов 
210 |a Пермь  |c Пермское книжное издательство  |d 1984 
215 |a 479 с.  |c ил.  |d 20 см 
610 1 |a Приключенческие романы 
610 1 |a Научно-фантастические романы 
610 1 |a французская литература 
675 |a 84  |z rus 
700 1 |a Верн  |b Ж.  |c французский писатель  |f 1828-1905  |g Жюль  |2 stltpush  |3 (RuTPU)RU\TPU\pers\20608  |9 8348 
702 1 |a Горбунов  |b Н.  |4 440 
801 0 |a RU  |b RuMRKP  |c 19950704  |g psbo 
801 1 |a RU  |b 63413507  |c 20090429  |g PSBO 
801 2 |a RU  |b 63413507  |c 20090429  |g PSBO 
942 |c BK